000 00850nam a2200253 i 4500
001 189169
003 SpMaBN
005 20251217063025.0
008 190412s2005 sp co |||| | spa d
020 _a84-8307-708-6
080 _a77 Guerrero, Joan
080 _a308-058.34(8=134)(0:77)
080 _a821.134.2-1"19"
100 1 _aGuerrero, Joan,
_d1940-
_9166819
245 1 4 _aLos ojos de los pobres /
_cPedro Casaldáliga [poemas] ; Joan Guerrero [fotografías] ; prólogo de Francesc Escribano.
250 _a1ª ed.
260 _aBarcelona :
_bPenínsula,
_c2005.
300 _a217 p. :
_bil., fot. ;
_c26 x 26 cm.
650 7 _aPobres-
_vObras ilustradas.
_9166820
650 4 _aFotografía-
_yS.XX.
_9155849
700 1 _aCasaldáliga, Pedro.
_936062
852 _aES-MaACL
_jN-7461
_z- Enc. cart.
999 _c189169
_d189169